000 00516nam a22001817a 4500
005 20251108164345.0
008 250721s1997 xx 000 0 ara d
082 1 4 _a398.809564/حجا
100 1 _aحجاب، نمر حسن
_eمؤلف
245 1 0 _aأغاني ألعاب الأطفال في فلسطين /
264 1 _aعمان :
_c1997.
300 _a381ص.
650 1 7 _aالأغاني الشعبية
650 1 7 _aفلسطين
650 1 7 _aألعاب الأطفال
942 _2ddc
_cBK
999 _c10165
_d10165